MARC details
| 000 -LÍDER |
| campo de controle de tamanho fixo |
01683nam a2200289 4500 |
| 001 - NÚMERO DE CONTROLE |
| campo de controle |
92 |
| 003 - IDENTIFICADOR DO NÚMERO DE CONTROLE |
| campo de controle |
OSt |
| 005 - DATA E HORÁRIO DA ÚLTIMA TRANSAÇÃO |
| campo de controle |
20250528074011.0 |
| 008 - CAMPO DE DADOS FIXOS--INFORMAÇÃO GERAL |
| campo de controle de tamanho fixo |
250124b |||||||e |||| 00| 1 eng d |
| 040 ## - FONTE DA CATALOGAÇÃO |
| Idioma da catalogação |
por |
| 041 ## - CÓDIGO DE IDIOMA |
| Código do idioma do original e/ou traduções intermediárias do texto |
eng |
| Código do idioma do texto/trilha sonora ou título diferente |
por |
| 082 ## - CDD - CLASSIFICAÇÃO DECIMAL DE DEWEY |
| Número de Classificação |
813 |
| Número do exemplar |
C147t |
| 100 1# - ENTRADA PRINCIPAL--NOME PESSOAL |
| Nome pessoal |
Caldwell, Taylor, |
| Datas associadas ao nome |
1900-1985 |
| 9 (RLIN) |
206 |
| 240 ## - TÍTULO UNIFORME |
| Título uniforme |
The earth is the Lord´s |
| 245 ## - TÍTULO |
| Título |
A terra de Deus / |
| Indicação de responsabilidade, etc. |
Caldwell, Taylor ; Tradução de Silvia Távora |
| 260 ## - PUBLICAÇÃO, DISTRIBUIÇÃO, ETC. |
| Local de publicação, distribuição, etc. |
Rio de Janeiro |
| Nome do editor, distribuidor, etc. |
Record |
| Data da publicação, distribuição, etc. |
1940 |
| 300 ## - DESCRIÇÃO FÍSICA |
| Extensão |
525 p. |
| 520 ## - NOTA DE RESUMO, ETC. |
| Resumo, etc. |
Para as legiões de fãs de Taylor Caldwell, este romance fornece sua riqueza usual de detalhes históricos e personagens finamente desenhados. O livro cobre a vida inicial do grande conquistador, focando principalmente em personagens: sua mãe severa e indomável, o tio cínico e marginalizado que o educa, sua esposa manipuladora Bortei, os amigos de infância que se tornam seus generais e paladinos, e seu irmão de sangue Jamuga, que é tanto seu amigo mais querido quanto seu pior inimigo. Caldwell fornece uma justificativa considerável para a carreira espetacular de conquista posterior de Genghis Khan. O romance traça um retrato extremamente colorido e muito detalhado da vida na Ásia Central durante a Idade Média: de tribos nômades do deserto, a cidades ricas e decadentes como Samarcanda, aos impérios decadentes da China. Para os amantes da ficção histórica colorida, este livro é um verdadeiro deleite! |
| 650 #0 - ASSUNTO--TERMO TÓPICO |
| Cabeçalho tópico ou nome geográfico |
Literatura Americana |
| 9 (RLIN) |
84 |
| 650 #0 - ASSUNTO--TERMO TÓPICO |
| Cabeçalho tópico ou nome geográfico |
Guerra |
| 9 (RLIN) |
30 |
| 650 #0 - ASSUNTO--TERMO TÓPICO |
| Cabeçalho tópico ou nome geográfico |
Histórico |
| 9 (RLIN) |
53 |
| 650 #0 - ASSUNTO--TERMO TÓPICO |
| Cabeçalho tópico ou nome geográfico |
Fatos Reais |
| 9 (RLIN) |
33 |
| 655 #0 - TERMO DE ÍNDICE--GÊNERO E FORMA |
| Gênero/forma/ou termo foco |
Romance |
| 655 #0 - TERMO DE ÍNDICE--GÊNERO E FORMA |
| Gênero/forma/ou termo foco |
Ficção |
| 700 ## - ENTRADA ADICIONADA - NOME PESSOAL |
| Nome pessoal |
Silvia Távora |
| Função do autor por extenso |
Tradutor |
| 9 (RLIN) |
207 |
| 942 ## - ELEMENTOS DE ENTRADA ADICIONADOS (KOHA) |
| Fonte de classificação ou esquema de arquivamento |
Classificação decimal de Dewey |
| Ocultar no OPAC |
Não |
| Tipo de material Koha |
Livros |